000 00360pam a2200157a 44500
008 230515b2008 xxu||||| |||| 00| 0 eng d
020 _aNULL
041 _aENGLISH
082 _aNULL
100 _aNEHRU JAWAHARLAL
245 _aSEMINAR ON ARCHITRCTURE
250 _a1959
260 _aNEW DELHI
_bLEA AND FEBIGER
_c2008
300 _a207
650 _aNULL
999 _c478505
_d478505